Dr. B.R. Ambedkar/ (Record no. 211848)

MARC details
000 -LEADER
fixed length control field 00540nam a22001937a 4500
005 - DATE AND TIME OF LATEST TRANSACTION
control field 20250617113656.0
010 ## - LCCN (DPL NO)
LC control number ENG-145420
020 ## - INTERNATIONAL STANDARD BOOK NUMBER
Terms of availability 1250.00
International Standard Book Number 9789384984427
035 ## - SYSTEM CONTROL NUMBER
System control number EN-128952
037 ## - SOURCE OF ACQUISITION
Source of stock number/acquisition DBAD
082 ## - DEWEY DECIMAL CLASSIFICATION NUMBER
Classification number 305.502
100 ## - MAIN ENTRY--PERSONAL NAME
Personal name Yadav, Bharat
245 ## - TITLE STATEMENT
Title Dr. B.R. Ambedkar/
Medium English
Remainder of title Bharat Yadav
250 ## - EDITION STATEMENT
Edition statement 1
260 ## - PUBLICATION, DISTRIBUTION, ETC. (IMPRINT)
Date of publication, distribution, etc 2022
Name of publisher, distributor, etc Homage Publication
Place of publication, distribution, etc New Delhi
270 ## - ADDRESS
Address 198, Site-1, Vikaspuri
City New Delhi
Postal code 110018
300 ## - PHYSICAL DESCRIPTION
Extent 208p.
Dimensions 22cm(hb)
942 ## - ADDED ENTRY ELEMENTS (KOHA)
Source of classification or shelving scheme Dewey Decimal Classification
Item type English Books
Call number suffix YAD
Classification part 305.502
Holdings
Withdrawn status Lost status Not for loan Collection code Home library Current library Date acquired Source of acquisition Cost, normal purchase price Full call number Barcode Copy number Cost, replacement price Koha item type
      Non-fiction Sarojini Nagar Sarojini Nagar 17/06/2025 DBAD 1250.00 YAD 305.502 EN-128952 1 1250.00 English Books

© Delhi Public Library
Hit Counter
free hit counter